Państwa świata w rodzaju męskim - Statystyki

Ogólne statystyki
  • Ten quiz został rozwiązany 361 razy
  • Średni wynik to 33 z 50
Statystyki odpowiedzi
Państwo % Poprawnych
Tadżykistan
83%
Afganistan
82%
Kirgistan
81%
Turkmenistan
81%
Kazachstan
80%
Irak
79%
Meksyk
79%
Pakistan
79%
Egipt
78%
Iran
78%
Uzbekistan
78%
Jemen
75%
Oman
75%
Azerbejdżan
69%
Bhutan
69%
Katar
69%
Laos
68%
Liechtenstein
68%
Czad
67%
Izrael
67%
Liban
67%
Niger
67%
Urugwaj
67%
Ekwador
66%
Wietnam
66%
Honduras
65%
Luksemburg
65%
Nepal
65%
Sudan
65%
Watykan
65%
Kuwejt
64%
Madagaskar
64%
Bahrajn
63%
Paragwaj
63%
Sudan Południowy
61%
Bangladesz
60%
Benin
59%
Senegal
59%
Cypr
58%
Salwador
58%
Tajwan
58%
Surinam
55%
Mozambik
54%
Gabon
53%
Kamerun
53%
Timor Wschodni
53%
Singapur
52%
Barbados
51%
Mauritius
51%
Trynidad i Tobago
48%
Nie znaleziono quizów pasujących do podanych kryteriów
Rozkład punktacji
Procent ludzi z każdym wynikiem
Percentyl według liczby udzielonych odpowiedzi
Twoja historia wyników
Nie rozwiązałeś tego quizu